| 000 | 00442nam a2200145 i 4500 | ||
|---|---|---|---|
| 001 | 76622 | ||
| 003 | ES-MaACL | ||
| 007 | t| | ||
| 008 | 041004s1925 fr ||||1| fre d | ||
| 100 | 1 |
_aGuillaume, Paul. _960731 |
|
| 245 | 1 | 2 |
_aL'imitation chez l'enfant _b: étude psychologique / _cpar Paul Guillaume. |
| 260 |
_aParis : _bFélix Alcan, _c1925 ( _eSaint-Amand : _fBussière) |
||
| 300 |
_aVII, 235 p. ; _c23 cm. |
||
| 852 |
_aES-MaACL _jB-3570 |
||
| 999 |
_c76622 _d76622 |
||